Welcome to CU Library Online Public Access Catalogue (OPAC)

BIBLE; (Record no. 7138)

MARC details
000 -LEADER
fixed length control field 00349nam a22001217a 4500
005 - DATE AND TIME OF LATEST TRANSACTION
control field 20250724121843.0
008 - FIXED-LENGTH DATA ELEMENTS--GENERAL INFORMATION
fixed length control field 250724b |||||||| |||| 00| 0 eng d
050 ## - LIBRARY OF CONGRESS CALL NUMBER
Classification number REF BS191
Item number .5 NEW
245 ## - TITLE STATEMENT
Title BIBLE;
Remainder of title WITH THE APOCRYPHAL/ DEUTEROCANONICAL BOOKS
260 ## - PUBLICATION, DISTRIBUTION, ETC.
Place of publication, distribution, etc. NEW YORK
Name of publisher, distributor, etc. OXFORD UNIVERSITY PRESS
Date of publication, distribution, etc. c1991
300 ## - PHYSICAL DESCRIPTION
Extent xxxvi, 364p
942 ## - ADDED ENTRY ELEMENTS (KOHA)
Source of classification or shelving scheme Library of Congress Classification
Koha item type Books
Suppress in OPAC No
999 ## -
-- 7138
-- 7138
Holdings
Withdrawn status Lost status Source of classification or shelving scheme Damaged status Not for loan Collection Home library Current library Shelving location Date acquired Total checkouts Full call number Barcode Date last seen Copy number Price effective from Koha item type
    Library of Congress Classification     Reference Undergraduate Library (Christ Temple) Undergraduate Library (Christ Temple) General stacks 07/24/2025   REF BS191.5 NEW ulct00004118 07/24/2025 1 07/24/2025 Books
© 2023-2024 Copyright: Central University Libraries. All Rights Reserved | Created by: Mahone Tech Office